000 00602nam a2200229Ia 4500
003 OSt
005 20220928113301.0
006 a|||||r|||| 00| 0
007 ta
008 220927b |||||||| |||| 00| 0 eng d
024 _a32443
037 _cTextual
040 _aSDCL
_cSDCL
_beng
041 _2eng
_aeng
082 _aV2:11'N75, L7
100 _aVasudev Uma
_9392618
245 0 _aTwo faces of Indira Gandhi
260 _aNew Delhi
_bVikas Publishing House
_c1977
300 _avi,208p
_ccm.
942 _hV2:11'N75, L7
_cTEXL
_2CC
999 _c748779
_d748779